75 Broadway Shows by Lyrics Quiz Stats

 Plays Quiz Updated May 12, 2015

Challenge
Share
Tweet
Embed
Score 0/75 Timer 15:00
0 Plays Today
Lyric Musical % Correct
Summer lovin' had me a blast / Summer lovin' happened so fastGrease
86.3%
Edelweiss, edelweiss / Every morning you greet meThe Sound of Music
84.6%
I'm gonna be the mane event / Like no king was beforeThe Lion King
79.9%
In daylights, in sunsets, in midnights, in cups of coffeeRent
72.6%
Pop! Six! Squish! Uh uh, Cicero Lipschitz!Chicago
72.1%
Food, glorious food! / Hot sausage and mustardOliver!
71.7%
There's something sweet / and almost kind / but he was mean and he was coarse and unrefinedBeauty and the Beast
62.8%
You can't stop an avalanche / as it races down the hill / You can try to stop the seasons, girl / but you know you never willHairspray
62.8%
In olden days a glimpse of stocking / was looked on as something shocking Anything Goes
62.2%
In the rain, the pavement shines like silver / All the lights are misty in the riverLes Misérables
61.4%
Ease on down, ease on down the road / Come on, ease on down the roadThe Wiz
60.3%
Sherry baby, Sherry baby / Can you come out tonight?Jersey Boys
58.4%
Ohmigod, ohmigod you guys / This one's perfect and it's just my sizeLegally Blonde
57%
A boy like that who'd kill your brother / Forget that boy and find anotherWest Side Story
56.9%
Don't tell me not to live, just sit and putter / Life's candy and the sun's a ball of butterFunny Girl
56.8%
Some enchanted evening / you may see a strangerSouth Pacific
56%
Shall we dance? / On a bright cloud of music shall we fly?The King and I
56%
He's a very smart prince / He's a prince who prepares / Knowing this time I'd run from him / He spread pitch on the stairsInto the Woods
55%
Son, be a dentist / You'll be a successLittle Shop of Horrors
50.2%
If you trust in your soul / Keep your eyes on the goal / And the prize you won't fail / Find your grailSpamalot
50.2%
Maybe I'm brainless / Maybe I'm wise / But you've got me seeing through different eyesWicked
49.4%
I love you a bushel and a peck / A bushel and a peck and a hug around the neckGuys and Dolls
48.1%
Kiss today goodbye / The sweetness and the sorrow / Wish me luck, the same to youA Chorus Line
47.2%
Whatever Lola wants, Lola gets / and little man, little Lola wants youDamn Yankees
46.3%
It's astounding / Time is fleeting / Madness takes its tollRocky Horror
44.7%
I admit that in the past I've been a nasty / They weren't kidding when they called me, well, a witchThe Little Mermaid
41.6%
At the gates are all the horses waiting for the cue to fly away / What a gripping, absolutely ripping moment at the Ascot opening dayMy Fair Lady
38.4%
Are you blind when you're born? Can you see in the dark? Cats
38%
Look around and you will find / no one's really color blind / maybe it's a fact we all should faceAvenue Q
37%
Where in the world have you been hiding? / Really, you were perfectThe Phantom of the Opera
36.4%
Many a new face will please my eye / Many a new love will find meOklahoma!
35.3%
It won't be long now, I guarantee / Day number 23 / I know it's todayShrek
33.2%
I'm an ordinary woman with feelings/ I'd like a man to nibble on my ear Annie
32.5%
When you've got it, flaunt it / Step right up and strut your stuffThe Producers
30%
Merry Christmas Maggie Thatcher / May God's love be with youBilly Elliot
29.9%
Everything has its season / Everything has its time / Show me a reason and I'll soon show you a rhymePippin
29.7%
If you're British and loyal / you might enjoy royal marineSweeney Todd
29.6%
I hate men / I can't abide 'em even now and thenKiss Me Kate
29.1%
Lyric Musical % Correct
A book report on Peter Rabbit, Peter Rabbit, Peter Rabbit, Peter Rabbit!You're A Good Man, Charlie Brown
28.6%
Sisters, sisters / There were never such devoted sistersWhite Christmas
27.1%
Have an egg roll, Mr. Goldstone / Have a napkin, have a chopstick, have a chairGypsy
26%
Spring and summer every other day / Blue wind looks so sad, blowing through the thick corn and bales of haySpring Awakening
25.9%
Manchester England England / Across the Atlantic SeaHair
24.1%
You could drive a person crazy / You could drive a person mad / First you make a person hazy / So a person could be hadCompany
22.3%
Brimstone and treacle and cod liver oil / Liberal doses of eachMary Poppins
21.1%
And one day, I'm hopping in that elevated train and I'm riding away / It won't be long nowIn the Heights
21.1%
Life is random and unfair / Life is pandemonium The 25th Annual Putnam County Spelling Bee
19.9%
And there was distant music / Simple and somehow sublime / Giving the nation a new syncopationRagtime
19.7%
Is my brain reborn or is it wrecked / in freedom or in fear / Wish I were hereNext to Normal
18.4%
Tra la! It's here! / That shocking time of year / When tons of wicked little thoughts merrily appear!Camelot
17.9%
I want you so / It's like I'm losing my mindFollies
17.3%
By the blue purple yellow red water / on the green orange violet mass of the grassSunday in the Park with George
16.8%
Don't be the bunny / Don't be the stewUrinetown
16%
There once was a man who loved a woman / She was the one he slew a dragon forThe Pajama Game
15.7%
I don't know even now quite how it began / You must meet my wife, my AnneA Little Night Music
15.6%
Long ago, in someone else's lifetime / Someone with my name who looked a lot like meChess
14.6%
I put a monkey on a pedestal / and tried to make that monkey stayThe Drowsy Chaperone
13.6%
Not a day goes by / Not a single day / But you're somewhere a part of my life / And it looks like you'll stayMerrily We Roll Along
13.1%
Why is the world feeling totally stranger? / Why are my friends acting totally weird?13
12.8%
Nothing's better than a hay ride / underneath the sunYoung Frankenstein
11.3%
Summer on the Isle of Coney / Winter in Hell's KitchenetteThoroughly Modern Millie
11.1%
You're a special kind of people known as show people / You live in a world of your ownCurtains
11%
You know nothing about me / and care even less / how could you understand our emptiness?Aida
11%
I have never felt like this / For once I'm lost for words / your smile has really thrown meSong and Dance
10.7%
You're happy when your toes are in the mud / You smile a bit the moment you smell bloodThe Addams Family
10.1%
And yet of course I rather like to revel, ha ha! / I have no strong objection to champagne, ha ha! Candide
9.9%
Clara Johnson, 142 East Lake Street! / Clara Johnson, 142 East Lake Street!The Light in the Piazza
9.6%
She likes basketball, how about that? / We've got something in common to talk about Promises, Promises
9%
There won't be trumpets or bolts of fire / to say he's comingAnyone Can Whistle
7%
Suddenly / the wheels are in motion / and I'm ready to sail any oceanXanadu
6.5%
I wanna be that girl in the mirror, there / I wanna be that girl with golden hair up on a silver screen most everywhere in the worldGrand Hotel
5.3%
Come summer, he went back to the speedboat / and watched Censored Scenes from King Kongtitle of show
5.1%
Last night I met a man beneath a pale and haunted moon / A man no woman could refuseDirty Rotten Scoundrels
4.4%
I've had enough hurt in my life / and you've been adding to it / but I'm in control now / and just like before I'll get through it9 to 5
4.4%
I'll paint my mouth rosy red / I'll pour peroxide on my head110 in the Shade
4.1%

You're not logged in!

Compare scores with friends on all Sporcle quizzes.
OR
Log In

You Might Also Like...

Show Comments

Extras

Top Quizzes Today


Score Distribution

Your Account Isn't Verified!

In order to create a playlist on Sporcle, you need to verify the email address you used during registration. Go to your Sporcle Settings to finish the process.

Report this User

Report this user for behavior that violates our Community Guidelines.

Details: